000 00710nam a2200205 a 4500
005 20240221063716.0
008 991125s1989 es 000 0 spa u
035 _aUPN01000003845
049 _aF
050 4 _aLB1033
_bG3.3
100 1 _aGarcía Llamas, José Luis
245 1 3 _aEl apoyo tutorial en la educación superior a distancia /
_cJosé Luis García Llamas, Catalina Martínez Mediano.
300 _ap. 501-509
500 _aSobretiro de Bordon / Sociedad Española de Pedagogía. -- Vol.41, no.3 (1989)
650 4 _aEducación a distancia
_97924
650 4 _aRelación maestro-estudiante
_94168
650 4 _aTUTORES
700 1 _aMartínez Mediano, Catalina,
_ecoaut.
_929164
905 _aLibro
999 _c3845
_d3845